Investment mathematics: (Record no. 2310)
[ view plain ]
| 000 -LEADER | |
|---|---|
| fixed length control field | 00536nam a2200157 4500 |
| 008 - FIXED-LENGTH DATA ELEMENTS--GENERAL INFORMATION | |
| fixed length control field | 160504b xxu||||| |||| 00| 0 eng d |
| 082 ## - DEWEY DECIMAL CLASSIFICATION NUMBER | |
| Edition number | 2006 |
| Classification number | DFil 650.01 |
| Item number | B21i |
| 100 ## - MAIN ENTRY--PERSONAL NAME | |
| 9 (RLIN) | 7571 |
| Personal name | Ballada, Win |
| 245 ## - TITLE STATEMENT | |
| Title | Investment mathematics: |
| Remainder of title | made easy/ |
| Statement of responsibility, etc. | Win Lu Ballada and Susan Ballada. |
| 250 ## - EDITION STATEMENT | |
| Edition statement | 2006 issue-3rd edition |
| 260 ## - PUBLICATION, DISTRIBUTION, ETC. (IMPRINT) | |
| Place of publication, distribution, etc. | Manila: |
| Name of publisher, distributor, etc. | DomDane Publishers, |
| Date of publication, distribution, etc. | c2006. |
| 300 ## - PHYSICAL DESCRIPTION | |
| Extent | various paging: |
| Other physical details | illustrations; |
| Dimensions | 25 cm. |
| 650 #0 - SUBJECT ADDED ENTRY--TOPICAL TERM | |
| 9 (RLIN) | 7573 |
| Topical term or geographic name as entry element | Business mathematics |
| 700 ## - ADDED ENTRY--PERSONAL NAME | |
| 9 (RLIN) | 7574 |
| Personal name | Ballada, Susan |
| Relator term | Author |
| 942 ## - ADDED ENTRY ELEMENTS (KOHA) | |
| Source of classification or shelving scheme | Dewey Decimal Classification |
| Koha item type | Filipiniana |
| Withdrawn status | Lost status | Source of classification or shelving scheme | Damaged status | Not for loan | Collection code | Home library | Current library | Date acquired | Source of acquisition | Total Checkouts | Full call number | Barcode | Date last seen | Price effective from | Koha item type |
|---|---|---|---|---|---|---|---|---|---|---|---|---|---|---|---|
| Dewey Decimal Classification | Filipiniana | UM Digos College - LIC | UM Digos College - LIC | 07/20/2010 | Donated | DFil 650.01 B21i 2006 | 20834 | 05/15/2025 | 05/04/2016 | Filipiniana |
